MARC

LEADER 00000nam0a2200000 4500
001 107527
005 20231101214734.0
035 |a (RuTPU)RU\TPU\book\116086 
090 |a 107527 
100 |a 20061225d1977 k y0rusy50 ca 
101 0 |a rus 
102 |a RU 
105 |a a z 000zy 
200 1 |a Прогнозирование неорганических соединений с помощью ЭВМ  |f Е. М. Савицкий , В. Б. Грибуля  |g АН СССР, Институт металлургии 
210 |a Москва  |c Наука  |d 1977 
215 |a 236 с.  |c ил. 
606 1 |a Неорганические соединения  |2 stltpush  |3 (RuTPU)RU\TPU\subj\73133  |9 86325 
610 1 |a прогнозирование 
610 1 |a ЭВМ 
610 1 |a двойные металлические системы 
610 1 |a диаграммы состояний 
610 1 |a интерметаллические соединения 
675 |a 546-3  |v 3 
675 |a 669.018  |v 3 
675 |a 669.017.1  |v 3 
700 1 |a Савицкий  |b Е. М.  |g Евгений Михайлович 
701 1 |a Грибуля  |b В. Б.  |g Владимир Борисович 
712 0 2 |a Академия наук СССР (АН СССР)  |b Институт металлургии им. А. А. Байкова (ИМЕТ)  |c (Москва)  |2 stltpush  |3 (RuTPU)RU\TPU\col\312 
801 1 |a RU  |b 63413507  |c 20061225  |g PSBO 
801 2 |a RU  |b 63413507  |c 20160202  |g PSBO 
942 |c BK